000 01097nam a22002177a 4500
005 20250716110013.0
008 s2557 th tha d
040 _aNALT
041 _atha
090 _aELR 1/1 2557
100 0 _aกุลพล วัชรกาฬ
_92868
245 1 0 _aการตรวจสัญญาก่อสร้างอาคารรัฐสภาแห่งใหม่พร้อมอาคารประกอบ /
_cกุลพล วัชรกาฬ.
246 3 0 _aเอกสารแสดงผลงาน ลำดับที่ 1 (ระดับเชี่ยวชาญ)
260 _aกรุงเทพฯ :
_bสำนักงานเลขาธิการสภาผู้แทนราษฎร,
_c2557.
300 _a75 หน้า ;
_c29 ซม.
650 4 _aอาคารรัฐสภาแห่งใหม่
_92870
_xสัญญาก่อสร้าง
850 _aNALT
856 4 0 _uhttps://hdl.handle.net/20.500.14156/527173
942 _cIS
_2local
_08
996 _akanyakorn.i
_bLIBSTF
_c2025-07-16
999 _c76087
_d76087
998 _j9013
_k กัลยกร อิ่มสาย